Učebnica pedagogiky : Základné a požadované vedomosti
Salvato in:
| Autori principali: | , |
|---|---|
| Natura: | Libro |
| Lingua: | slovacco |
| Pubblicazione: |
Bratislava :
Slovenské pedagogické nakladateľstvo,
1993
|
| Tags: |
Nessun Tag, puoi essere il primo ad aggiungerne!!
|
MARC
| LEADER | 00000nam a22000003a 4500 | ||
|---|---|---|---|
| 001 | stu27139 | ||
| 005 | 20150617225740.1 | ||
| 008 | 931117s1993----xo------------------slo-d | ||
| 020 | |a 80-08-02006-7 | ||
| 040 | |a STU |b slo | ||
| 041 | 0 | |a slo | |
| 044 | |a xo | ||
| 080 | |a 37 | ||
| 100 | 1 | |a Kaiser, Arnim |4 aut | |
| 245 | 1 | |a Učebnica pedagogiky : |b Základné a požadované vedomosti | |
| 260 | |a Bratislava : |b Slovenské pedagogické nakladateľstvo, |c 1993 | ||
| 300 | |a 299 s | ||
| 500 | |a prel. z nemeckého orig. | ||
| 700 | 1 | |a Kaiserová, Ruth |4 aut | |
| 996 | |b 284V027931 |c V*41626/O-17684 |l VVT |s A |a 24 |w stu27139_0001 | ||
| 996 | |b 284V001430 |c V*41627/O-17684a |l VVS |s A |a 24 |w stu27139_0002 | ||